Study on growth rate of avian broiler by supplement of combination of earthworm with rice bran on c.p feed at experimental station of royal university of agriculture, សិក្សាលើការលូតលាស់របស់មាន់សាច់ពូជ avian ដោយបន្ថែមជន្លេនលាយជាមួយកន្ទក់ទៅលើចំណី c.p នៅស្ថានីយ៏ពិសោធន៏សត្វនៃសាកលវិទ្យាល័យភូមិន្ទកសិកម្ម (Record no. 2475)

000 -LEADER
fixed length control field 00894nam a22001337a 4500
040 ## - CATALOGING SOURCE
Transcribing agency RUA
082 ## - DEWEY DECIMAL CLASSIFICATION NUMBER
Classification number AVM CHR 2011 B097 Or.1
100 ## - MAIN ENTRY--AUTHOR NAME
Personal name CHRENG, LIS.
245 ## - TITLE STATEMENT
Title Study on growth rate of avian broiler by supplement of combination of earthworm with rice bran on c.p feed at experimental station of royal university of agriculture, សិក្សាលើការលូតលាស់របស់មាន់សាច់ពូជ avian ដោយបន្ថែមជន្លេនលាយជាមួយកន្ទក់ទៅលើចំណី c.p នៅស្ថានីយ៏ពិសោធន៏សត្វនៃសាកលវិទ្យាល័យភូមិន្ទកសិកម្ម
260 ## - PUBLICATION, DISTRIBUTION, ETC. (IMPRINT)
Place of publication Phnom Penh
Name of publisher RUA
Year of publication 2011
300 ## - PHYSICAL DESCRIPTION
Number of Pages xi; 41p.
Other physical details ill.
Dimensions 29cm.
856 ## - ELECTRONIC LOCATION AND ACCESS
Uniform Resource Identifier https://drive.google.com/file/d/1_m8AWquUsmw3gQzXjgI63nxloxuy735z/view?usp=sharing
942 ## - ADDED ENTRY ELEMENTS (KOHA)
Koha item type AVM
952 ## - LOCATION AND ITEM INFORMATION (KOHA)
Withdrawn status [LOCAL, KOHA] 0
952 ## - LOCATION AND ITEM INFORMATION (KOHA)
Withdrawn status [LOCAL, KOHA] 0
952 ## - LOCATION AND ITEM INFORMATION (KOHA)
Withdrawn status [LOCAL, KOHA] 0
952 ## - LOCATION AND ITEM INFORMATION (KOHA)
Withdrawn status [LOCAL, KOHA] 0
952 ## - LOCATION AND ITEM INFORMATION (KOHA)
Withdrawn status [LOCAL, KOHA] 0
952 ## - LOCATION AND ITEM INFORMATION (KOHA)
Withdrawn status [LOCAL, KOHA] 0
952 ## - LOCATION AND ITEM INFORMATION (KOHA)
Withdrawn status [LOCAL, KOHA] 0
952 ## - LOCATION AND ITEM INFORMATION (KOHA)
Withdrawn status [LOCAL, KOHA] 0
952 ## - LOCATION AND ITEM INFORMATION (KOHA)
Withdrawn status [LOCAL, KOHA] 0
952 ## - LOCATION AND ITEM INFORMATION (KOHA)
Withdrawn status [LOCAL, KOHA] 0
Holdings
Permanent Location Date acquired Koha item type Lost status Shelving location Barcode Current Location Full call number
Library Block B2015-10-21AVM B097RUA015782Library Block BAVM CHR 2011 B097 Or.1
Library Block B2015-10-21AVM B097RUA015777Library Block BAVM CHR 2011 B097 Or.2
Library Block B2015-10-21AVM B097RUA016024Library Block BAVM CHR 2011 B097 Or.3
Library Block B2015-10-21AVM B097RUA008781Library Block BAVM CHR 2011 B097 Or.4
Library Block B2015-10-21AVM B097RUA027778Library Block BAVM CHR 2011 B097 Or.5
Library Block B2015-10-21AVM B097RUA026826Library Block BAVM CHR 2011 B097 Or.6
Library Block B2015-10-21AVM B097RUA026622Library Block BAVM CHR 2011 B097 Or.7
Library Block B2019-06-29AVM B1.238A37465Library Block BAVM CHR 2011 B1.238 Or.1
Library Block B2019-06-29AVM B1.238A37125Library Block BAVM CHR 2011 B1.238 Or.1
Library Block B2019-06-29AVM B1.238A35946Library Block BAVM CHR 2011 B1.238 Or.1
មជ្ឈមណ្ឌលឯការនៃសាកលវិទ្យាល័យភូមិន្ទកសិកម្មចំការដូង

Powered by Koha